U Can't Touch This - MC Hammer - Lyrics - Statistics

General Stats
  • This quiz has been taken 107 times
  • The average score is 25 of 57
Answer Stats
lyrics % Correct
{You} can't touch this
98%
You {can't} touch this
96%
You can't {touch} this
96%
You can't touch {this}
96%
Makes me say, "Oh my {Lord},
81%
{Thank} you for blessing me
80%
My, my, my, my {music} hits me so hard
66%
I told you home{boy} (You can't touch this)
64%
So wave your {hands} in the air
56%
Just for a minute let's all do the bump, bump, {bump}, bump
54%
{And} this is a beat, uh, you can't touch
53%
It feels good, when you know you're {down}
53%
Why you standing {there}, man? (You can't touch this)
53%
And this is a {beat}, uh, they can't touch
51%
Fresh {new} kicks, and pants
51%
Stop, Hammer {time}!
51%
Bust a few moves, run your fingers through your {hair}
50%
Like {that}, like that
50%
You gotta like that, now you know you wanna {dance}
49%
Every time you {see} me
48%
Go {with} the flow, it is said
48%
Let 'em know, that you're {too} much
48%
Look at my eyes, {man} (You can't touch this)
46%
With a mind to rhyme and two hype {feet}."
46%
Now why would I ever {stop} doing this?
45%
Either work {hard} or you might as well quit
44%
Make 'em sweat, that's what I'm giving {'em} now,
43%
It's "Hammer, go Hammer, MC Hammer, yo {Hammer}"
41%
I've toured around the {world}, from London to the Bay
41%
If you can't groove to this then you probably {are} dead
40%
Yo, I {told} you (You can't touch this)
40%
Ring the bell, {school's} back in
38%
Singers are sweating so {pass} them a wipe
38%
I'm dope on the floor and I'm magic on the {mike}
36%
So {move}, outta your seat
36%
And I'm {known} as such
35%
{Break} it down!
35%
Pump a little bit and let 'em know it's {going} on
34%
Yo, let me bust the funky {lyrics} (You can't touch this)
31%
Yo, {sound} the bell, school is in, sucker (You can't touch this)
31%
Yeah, that's how we {living} and you know (You can't touch this)
29%
Give me a {song}, or rhythm
28%
You talking about the Hammer you talking about a {show}
28%
And the rest can go and {play}
25%
Dance to this and you're gonna get {thinner}
25%
While it's rolling, {hold} on
25%
Move, slide your {rump}
24%
The Hammer's {just} so hype
24%
And get a fly girl and {catch} this beat
21%
With others {making} records that just don't hit
21%
What's it gonna take in the 90's to {burn}
20%
Cold on a mission so fall them {back}
19%
The {charts}? Legit
19%
That's hyped, and {tight}
18%
This is it, {for} a winner
18%
You better get {hype}, boy, because you know you can't (You can't touch this)
14%
Or a {tape}, to learn
13%
No matching quizzes found
Score Distribution
Percent of People with Each Score
Percentile by Number Answered
Your Score History
You have not taken this quiz